2003 Construction roadshow (Record no. 73331)
[ view plain ]
| 000 -LEADER | |
|---|---|
| fixed length control field | 01156cam a2200241 4500 |
| 001 - CONTROL NUMBER | |
| control field | WB3933-02 |
| 008 - FIXED-LENGTH DATA ELEMENTS--GENERAL INFORMATION | |
| fixed length control field | 030902n2003 000 0 eng u |
| 035 ## - SYSTEM CONTROL NUMBER | |
| System control number | (Sirsi) u123470 |
| 245 ## - TITLE STATEMENT | |
| Title | 2003 Construction roadshow |
| 260 ## - PUBLICATION, DISTRIBUTION, ETC. | |
| Date of publication, distribution, etc. | 2003 |
| 490 ## - SERIES STATEMENT | |
| Series statement | HSE News Release |
| Volume/sequential designation | (C043:03) 1 September 2003 (3) |
| 520 ## - SUMMARY, ETC. | |
| Summary, etc. | Government launches the 2003 Working Well Together Construction Health and Safety Roadshow in Edinburgh. The Roadshow is taking key health and safety advice to construction workers and employers at sites across Great Britain over the next six weeks. The Working Well Together (WWT) campaign aims to promote best practice and encourage the construction industry to improve health and safety performance. http://www.gnn.gov.uk/gnn/national.nsf/Daily+News/6D9A23B8B72646C680256D95002C6976?opendocument. WWT campaign website, http://www.wwt.uk.com |
| 590 ## - LOCAL NOTE (RLIN) | |
| Local note | WB |
| 650 ## - SUBJECT ADDED ENTRY--TOPICAL TERM | |
| Topical term or geographic name entry element | HSE |
| 650 ## - SUBJECT ADDED ENTRY--TOPICAL TERM | |
| Topical term or geographic name entry element | CONSTRUCTION INDUSTRY |
| 650 ## - SUBJECT ADDED ENTRY--TOPICAL TERM | |
| Topical term or geographic name entry element | EDINBURGH |
| 650 ## - SUBJECT ADDED ENTRY--TOPICAL TERM | |
| Topical term or geographic name entry element | WORKING WELL TOGETHER |
| 650 ## - SUBJECT ADDED ENTRY--TOPICAL TERM | |
| Topical term or geographic name entry element | BEST PRACTICE |
| 650 ## - SUBJECT ADDED ENTRY--TOPICAL TERM | |
| Topical term or geographic name entry element | HEALTH AND SAFETY |
| 9 (RLIN) | 6244 |
| 650 ## - SUBJECT ADDED ENTRY--TOPICAL TERM | |
| Topical term or geographic name entry element | ADVICE |
| 690 ## - LOCAL SUBJECT ADDED ENTRY--TOPICAL TERM (OCLC, RLIN) | |
| Topical term or geographic name as entry element | BUILT ENVIRONMENT-BUILDING STANDARDS |
| 942 ## - ADDED ENTRY ELEMENTS (KOHA) | |
| Suppress in OPAC | 0 |
| Withdrawn status | Lost status | Source of classification or shelving scheme | Damaged status | Not for loan | Home library | Current library | Shelving location | Date acquired | Total Checkouts | Full call number | Barcode | Date last seen | Copy number | Price effective from | Koha item type |
|---|---|---|---|---|---|---|---|---|---|---|---|---|---|---|---|
| Dewey Decimal Classification | London | London | News article | 02/09/2003 | WB3933-02 | 123470-1001 | 06/08/2019 | 1 | 06/08/2019 | News article |